LDR 01369naa#a2200241#i#450# 001 RU\\bibl\119652 005 20260630045556.2 011 ## _a2077-7566 100 ## _a20260629b2026####ek#y0rusy0150####ca 101 0# _aRUS 102 ## _aRU 200 1# _aОЦЕНКА ЭФФЕКТИВНОСТИ ИСПОЛЬЗОВАНИЯ САМОПРОТРАВЛИВАЮЩИХ СИЛАНОВЫХ ПРАЙМЕРОВ ПО СРАВНЕНИЮ СО СТАНДАРТНЫМ ПРОТОКОЛОМ ОБРАБОТКИ ПОВЕРХНОСТИ КЕРАМИКИ НА ОСНОВЕ ДИСИЛИКАТА ЛИТИЯ (ОБЗОР ЛИТЕРАТУРЫ) _eЖурнальная статья 210 1# _aЕкатеринбург _cИздательский Дом «ТИРАЖ» _d2026 215 ## _a6 с. 608 ## _aЖурнальная статья _2local 675 ## _aОртодонтия. Челюстно-лицевая ортопедия. Исправление положения зубов. 616.314-089.23 _zRUS 686 ## _aКлиническая медицина. 76.29 _2grnti 700 #1 _aШлык _gАндрей Дмитриевич 700 #1 _aЛазарова _gАлина Александровна 700 #1 _aГильманова _gНаталья Сергеевна 700 #1 _aРудова _gАнна Ильясовна 700 #1 _aГезбаф Нежад _gМелика 856 4# _adental-press.ru _u